Statistics for Aviva Premiership Rugby Teams 2012

Click here to take the quiz!

General Stats

  • This quiz has been taken 3,892 times
    (3,890 since last reset)
  • The average score is 11 of 12

Answer Stats

Answer% Correct
Saracens
93%
Leicester Tigers
92%
London Irish
92%
London Wasps
92%
Bath Rugby
91%
Harlequins
90%
Northampton Saints
88%
Exeter Chiefs
87%
Newcastle Falcons
87%
Sale Sharks
86%
Gloucester Rugby
82%
Worcester Warriors
78%

Score Distribution

Percentile by Number Answered

Percent of People with Each Score

Your Score History

You have not taken this quiz since the last reset